| Tag |
First Indicator |
Second Indicator |
Subfields |
| LEADER |
00000cam a2200000 a 4500 |
| 001 |
in00000787421 |
| 005 |
20151017055018.0 |
| 008 |
871109s1987 sz b 00000 eng d |
| 035 |
|
|
|a (OCoLC)16953502
|
| 035 |
|
|
|9 ADM0110AM
|
| 040 |
|
|
|a CON
|c CON
|d TXA
|d UtOrBLW
|
| 043 |
|
|
|a t------
|
| 049 |
1 |
|
|a TXA2
|
| 090 |
|
|
|a QC866
|b .W6 no. 138
|
| 245 |
0 |
0 |
|a WOCE core project 2 planning meeting :
|b the southern ocean : Bremerhaven, F.R.G., 20-23 May 1986.
|
| 264 |
|
1 |
|a [Geneva, Switzerland] :
|b World Meteorological Organization,
|c 1987.
|
| 300 |
|
|
|a 53 pages :
|b illustrations ;
|c 30 cm.
|
| 336 |
|
|
|a text
|b txt
|2 rdacontent
|
| 337 |
|
|
|a unmediated
|b n
|2 rdamedia
|
| 338 |
|
|
|a volume
|b nc
|2 rdacarrier
|
| 490 |
1 |
|
|a WMO/TD ;
|v no. 181
|
| 490 |
1 |
|
|a WCP ;
|v no. 138
|
| 500 |
|
|
|a At head of title: World Climate Research Programme.
|
| 504 |
|
|
|a Bibliography: pages 51-52.
|
| 651 |
|
0 |
|a Antarctic Ocean.
|
| 740 |
4 |
|
|a The southern ocean.
|
| 710 |
2 |
|
|a World Climate Programme.
|
| 710 |
2 |
|
|a World Meteorological Organization.
|
| 830 |
|
0 |
|a WCP (Series) ;
|v no. 138.
|
| 830 |
|
0 |
|a WMO/TD ;
|v no. 181.
|
| 999 |
|
|
|a MARS
|
| 999 |
f |
f |
|s 02bf96ac-5f36-3c83-afaa-73978c1ef0a0
|i c107106a-e514-3c99-a0f2-009b33dd32a5
|t 0
|
| 952 |
f |
f |
|p ric
|a Texas A&M University
|b Rellis Campus
|c Joint Library Facility
|d Remote Storage
|t 0
|e QC866 .W6 no. 138
|h Library of Congress classification
|i unmediated -- volume
|m A14810806586
|
| 998 |
f |
f |
|a QC866 .W6 no. 138
|t 0
|l Remote Storage
|